A imagem da cidade na poesia moderna : Cesário Verde e Fernando Pessoa (Registo nº 201953)

Detalhes MARC
000 -Etiqueta do registo
Valores 00722nam 22002053 4500
010 ## - Número ISBN
ISBN 3-925203-09-5
010 ## - Número ISBN
ISBN 3-927884-00-6
100 ## - Dados gerais de processamento
Dados gerais 20260424d u||y0pory50 ba
200 ## - Titulo e menção de responsabilidade
Título próprio A imagem da cidade na poesia moderna : Cesário Verde e Fernando Pessoa
Primeira menção de responsabilidade Rosa Maria Sequeira
210 ## - Publicação
Local de publicação Schönberger
Nome do editor TFM, Frankfurt am Main
Data de publicação 1990
215 ## - Descrição física 
Paginação / Volumes 190 p.
Outras indicações físicas brochado
Dimensões 21 cm
225 ## - Colecção 
Título próprio da colecção Suplementos de Lusorama/segunda série, estudos sobre as literaturas de Portugal e do Brasil
Indicação de volume 1
606 ## - Nome comum usado como assunto
ID Autoridade 3661
Palavra de ordem Crítica Literária.Estudos Literários
675 ## - CDU
Notação 82.09
Edição DE
Língua por
700 ## - Autor principal (pessoa individual)
ID Autoridade 17187
Apelido Sequeira
Nome Rosa Maria
Datas 1958-
801 ## - Fonte de origem
País PT
Agência BMMN
Regras de catalogação RPC
830 ## - Notas gerais do catalogador
Criado por Vanda
990 ## - Elementos KOHA
Tipo de documento Livro
Exemplares
Situação do levantamento Biblioteca de origem Código de barras Cota Permissão de empréstimo Tipo de documento Forma de aquisição
  Biblioteca Municipal de Montemor-o-Novo 31352 82.09 SEQ|DEP   Livro Compra

Powered by Koha